000
00277nam a2200121Ia 4500
008
191201s2015 xx 000 0 und d
100
_a
SUBRAMANYA, K
245
0
_a
Engineering Hydrology
260
_c
2015
_b
TMG
_a
New Delhi
300
_a
534
650
_a
CIVIL
942
_2
ddc
_c
BB
999
_c
7676
_d
7676